| 000 | 00926nam a2200253 a 4500 | ||
|---|---|---|---|
| 001 | BRCA_3567 | ||
| 005 | 20190320204333.0 | ||
| 008 | 040809s1963----mx-a---###---#000-0#spa-# | ||
| 041 | _aspa | ||
| 044 | _amx | ||
| 050 | 4 |
_aND257.P8 _b.P47 1963 |
|
| 100 | 1 |
_aPérez Salazar, Francisco _d1888-1941 _9403 |
|
| 245 | 1 | 0 |
_aHistoria de la pintura en Puebla _cFrancisco Pérez Salazar ; edición, introcucción y notas de Elisa Vargas Lugo ; revisión y notas de Carlos de Ovando. |
| 260 |
_aMéxico _bUniversitaria _c1963 |
||
| 300 |
_a245 p. _bil. _c24 cm. |
||
| 440 | 0 |
_aUniversidad Nacional Autónoma de México. Instituto de Investigaciones Estéticas. Estudios y Fuentes del arte en México _v13 _99261 |
|
| 500 | _aB235 | ||
| 650 | 1 | 4 |
_aPintura _zPuebla (Ciudad) _99262 |
| 650 | 1 | 4 |
_aPintura _xHistoria _99263 |
| 700 | 1 |
_aVargas Lugo, Elisa _eed _9500 |
|
| 700 | 1 |
_aOvando, Carlos de _99264 |
|
| 902 | _aGFM | ||
| 942 |
_2lcc _cB |
||
| 999 |
_c3302 _d3302 |
||